College Quizbowl Stats
College Quizbowl Stats
Circuits
Seasons
Sets
Records
Detailed Stats
About
Loading...
Lower Mid-Atlantic
Tossups
Bonuses
Players
Teams
Categories (Tossup)
Categories (Bonus)
Audrey Read
Liberty C
Categories
Category
Powers
Gets
Negs
BBs
Points
Earliest Buzz
Avg. Buzz
First Buzzes
Top 3 Buzzes
BPA
PVF
Science - Chemistry
0
2
0
0
20
114
116.00
0
1
0.23
10.61
Science - Biology
0
1
0
0
10
125
125.00
0
0
0.00
1.52
History - Other
0
0
0
0
0
0.00
0
0
0.00
0.00
Mythology
0
0
0
0
0
0.00
0
0
0.00
0.00
Social Science
0
0
0
0
0
0.00
0
0
0.00
0.00
Buzzes
Category
Answer
Value
Buzz Position
Science - Chemistry
chemical reactions
10
114
Social Science
sociological imagination
0
114
Science - Chemistry
electron microscopy
10
118
Science - Biology
autophagy
0
122
Mythology
rainbows
0
123
Science - Biology
photosystems
10
125
History - Other
Amun
0
139
Previous
1
Next